La Flora Iberoamericana

Gespeichert in:
Bibliographische Detailangaben
1. Verfasser: Valdés Castrillón, Benito (VerfasserIn)
Format: Buch
Sprache:Spanisch
Veröffentlicht: Madrid Anaya 1988
Schriftenreihe:Biblioteca iberoamericana
Schlagworte:
Tags: Tag hinzufügen
Keine Tags, Fügen Sie den ersten Tag hinzu!

MARC

LEADER 00000nam a2200000 a 4500
001 UCH8191
003 CL-VaPUC
008 091127e19880000SP |||||||||||||||||spa|d
020 |a 8481620025 
082 0 4 |a 581.9  |b VAL  |2 21 
100 0 |a Valdés Castrillón, Benito  |e author  |9 544642 
245 1 3 |a La Flora Iberoamericana 
300 |a 128 p 
942 |c BK 
945 |d 20091127 00:00:00  |a ccalabra 
260 |a Madrid  |b Anaya  |c 1988 
650 0 |a Ciencias naturales  |9 260542 
650 0 |a Botánica  |9 264202 
650 0 |a Ciencias de la tierra  |9 261541 
650 0 |a Flora y fauna  |9 338564 
650 0 |a Educación  |9 258661 
651 7 |a LATINOAMERICANA  |2 CL-VaPUC  |9 544643 
583 |a last modification  |c 20091127 00:00:00  |k Rodrigo Vera 
490 0 |a Biblioteca iberoamericana 
999 |c 338425  |d 338423